000 01424nam a2200289 a 4500
001 000000185
003 OSt
005 20230712123832.0
008 081127s2005 dr 000 0 spa d
020 _a9789945406085
040 _aDO-SdBNP
_bspa
_cBPMSU
082 _a320.97293
_bB742d,2005
_222
100 1 _a Bosch, Juan,
_d1909-2001
_91
100 z _aBosch Gaviño, Juan, 
_d1909-2001
100 z _aGaviño, Juan Bosch
_d1909-2001
245 1 0 _aDictadura con respaldo popular /
_cJuan Bosch.
250 _a5a ed.
260 _aSanto Domingo :
_bAlfa & Omega,
_c2005
300 _a229 p. ;
_c21 cm.
505 0 _tContextualización y vigencia de un texto --
_tEl próximo paso : dictadura con respaldo popular --
_tOligarquía, burguesía y pequeña burguesía --
_tOligarquía y antitrujillismo --
_tNecedades acerca de la burguesía nacional --
_t¿Dictadura del proletariado?, no : dictadura con respaldo popular, --
_tEl papel de la débil burguesía nacional en el regimen de la dictadura con respaldo popular --
_tSicología de las clase en la República Dominicana --
_tAlgunas ideas acerca de la comunicación con las masas --
_tEl frente de la dictadura con respaldo popular.
590 _aInventariado, 2023/VM
650 4 _aOligarquía
650 4 _aClases sociales
_zRepública Dominicana
651 4 _aRepública Dominicana
_xPolítica y gobierno
910 _aVMateo V. Control de calidad (BPMSU)
942 _2ddc
_cBK
999 _c14416
_d14416